[Event "European Online Club-ch-H 2021"]
[Site "Online"]
[Date "2021.03.27"]
[Round "9.1"]
[White "Parvanyan, Ashot"]
[Black "Samani, Yamac"]
[Result "1-0"]
[WhiteElo "2436"]
[BlackElo "2246"]
[Annotator "NA"]
[PlyCount "195"]
[EventDate "2021.03.27"]
[EventType "team-tourn"]
[EventCountry "NET"]
[SourceTitle "playchess.com"]
[Source "ChessBase"]
[SourceQuality "1"]
[TimeControl "900+5"]

1. Nf3 {[%emt 0:00:00]} Nf6 {[%emt 0:00:02]} 2. c4 {[%emt 0:00:03]} b6 {[%emt 0:00:07]} 3. g3 {[%emt 0:00:04]} Bb7 {[%emt 0:00:01]} 4. Bg2 {[%emt 0:00:02]} g6 {[%emt 0:00:01]} 5. O-O {[%emt 0:00:02]} Bg7 {[%emt 0:00:01]} 6. d4 {[%emt 0:00:01]} O-O {[%emt 0:00:03]} 7. d5 {[%emt 0:01:25]} Na6 {[%emt 0:00:05]} 8. Nc3 {[%emt 0:00:02]} Nc5 {[%emt 0:00:02]} 9. Nd4 {[%emt 0:00:19]} e5 {[%emt 0:00:04]} 10. Nc2 {[%emt 0:01:38]} a5 {[%emt 0:00:13]} 11. b3 {[%emt 0:00:26]} d6 {[%emt 0:00:14]} 12. Rb1 {[%emt 0:00:14]} Bc8 {[%emt 0:00:47]} 13. e4 {[%emt 0:00:44]} Bd7 {[%emt 0:01:09]} 14. Ne1 {[%emt 0:04:05]} Ne8 {[%emt 0:01:00]} 15. Nd3 {[%emt 0:00:24]} f5 {[%emt 0:00:10]} 16. f3 {[%emt 0:01:32]} Nf6 {[%emt 0:00:08]} 17. Nf2 {[%emt 0:00:28]} f4 {[%emt 0:01:03]} 18. g4 {[%emt 0:00:19]} g5 {[%emt 0:00:18]} 19. Nd3 {[%emt 0:00:20]} h5 {[%emt 0:00:04]} 20. h3 {[%emt 0:00:11]} Kf7 {[%emt 0:00:08]} 21. a3 {[%emt 0:00:35]} hxg4 {[%emt 0:00:10]} 22. hxg4 {[%emt 0:00:02]} Rh8 {[%emt 0:00:14]} 23. b4 {[%emt 0:00:25]} Nxd3 {[%emt 0:00:03]} 24. Qxd3 {[%emt 0:00:02]} Qg8 {[%emt 0:00:44]} 25. Kf2 {[%emt 0:00:46]} axb4 {[%emt 0:00:11]} 26. axb4 {[%emt 0:00:08]} Rh2 {[%emt 0:00:12]} 27. Rg1 {[%emt 0:00:30]} Qh7 {[%emt 0:00:11]} 28. Kf1 {[%emt 0:00:29]} Bf8 {[%emt 0:01:57]} 29. Bd2 {[%emt 0:00:05]} Be7 {[%emt 0:00:15]} 30. Be1 {[%emt 0:00:20]} Ra3 {[%emt 0:00:38]} 31. Qd1 {[%emt 0:00:38]} Qh8 {[%emt 0:00:52]} 32. Ra1 {[%emt 0:00:18]} Rxa1 {[%emt 0:01:43]} 33. Qxa1 {[%emt 0:00:00]} Bxg4 {[%emt 0:02:02]} 34. fxg4 {[%emt 0:00:05]} Nxg4 {[%emt 0:00:01]} 35. Nd1 {[%emt 0:01:04]} f3 {[%emt 0:00:40]} 36. Bg3 {[%emt 0:00:02]} Rxg2 {[%emt 0:00:11]} 37. Rxg2 {[%emt 0:00:03]} Qh3 {[%emt 0:00:55]} 38. Qb2 {[%emt 0:00:02]} Nf6 {[%emt 0:00:03]} 39. Nc3 {[%emt 0:00:09]} Nh5 {[%emt 0:00:04]} 40. Qf2 {[%emt 0:00:09]} g4 {[%emt 0:00:30]} 41. Kg1 {[%emt 0:00:06]} Bg5 {[%emt 0:00:31]} 42. Rh2 {[%emt 0:00:03]} Qxg3+ {[%emt 0:00:02]} 43. Qxg3 {[%emt 0:00:02]} Nxg3 {[%emt 0:00:01]} 44. Kf2 {[%emt 0:00:05]} Bf4 {[%emt 0:00:09]} 45. Rh4 {[%emt 0:00:02]} Bd2 {[%emt 0:00:19]} 46. Kxg3 {[%emt 0:00:04]} Be1+ {[%emt 0:00:09]} 47. Kxg4 {[%emt 0:00:02]} Bxh4 {[%emt 0:00:04]} 48. Kxf3 {[%emt 0:00:03]} Be1 {[%emt 0:00:01]} 49. Nb5 {[%emt 0:00:03]} Bxb4 {[%emt 0:00:05]} 50. Nxc7 {[%emt 0:00:02]} Bc5 {[%emt 0:00:03]} 51. Kg4 {[%emt 0:00:07]} Kg6 {[%emt 0:00:02]} 52. Ne6 {[%emt 0:00:10]} Be3 {[%emt 0:00:06]} 53. Nf8+ {[%emt 0:00:07]} Kf7 {[%emt 0:00:05]} 54. Nd7 {[%emt 0:00:03]} Kg6 {[%emt 0:00:02]} 55. Nb8 {[%emt 0:00:10]} Bc5 {[%emt 0:00:04]} 56. Nc6 {[%emt 0:00:07]} Be3 {[%emt 0:00:05]} 57. Ne7+ {[%emt 0:00:02]} Kf6 {[%emt 0:00:07]} 58. Nf5 {[%emt 0:00:09]} Bc5 {[%emt 0:00:05]} 59. Kh5 {[%emt 0:00:02]} Bb4 {[%emt 0:00:02]} 60. Nh6 {[%emt 0:00:07]} Bd2 {[%emt 0:00:11]} 61. Ng4+ {[%emt 0:00:05]} Kg7 {[%emt 0:00:05]} 62. Nh2 {[%emt 0:00:06]} Kf6 {[%emt 0:00:05]} 63. Nf3 {[%emt 0:00:04]} Be3 {[%emt 0:00:05]} 64. Nh4 {[%emt 0:00:07]} Bf2 {[%emt 0:00:16]} 65. Ng6 {[%emt 0:00:04]} Be3 {[%emt 0:00:07]} 66. Nf8 {[%emt 0:00:03]} Kf7 {[%emt 0:00:09]} 67. Nd7 {[%emt 0:00:07]} Ke7 {[%emt 0:00:04]} 68. Nb8 {[%emt 0:00:03]} Kf6 {[%emt 0:00:04]} 69. Na6 {[%emt 0:00:06]} Bd2 {[%emt 0:00:07]} 70. Nc7 {[%emt 0:00:04]} Be3 {[%emt 0:00:06]} 71. Ne6 {[%emt 0:00:07]} Bd2 {[%emt 0:00:05]} 72. Nd8 {[%emt 0:00:09]} Be1 {[%emt 0:00:10]} 73. Nc6 {[%emt 0:00:05]} Bd2 {[%emt 0:00:03]} 74. Na7 {[%emt 0:00:04]} Be3 {[%emt 0:00:03]} 75. Nc8 {[%emt 0:00:02]} Bc5 {[%emt 0:00:02]} 76. Kh6 {[%emt 0:00:03]} Kf7 {[%emt 0:00:05]} 77. Kg5 {[%emt 0:00:04]} Ke8 {[%emt 0:00:03]} 78. Na7 {[%emt 0:00:07]} Kd7 {[%emt 0:00:09]} 79. Kf6 {[%emt 0:00:03]} Bb4 {[%emt 0:00:02]} 80. Nc6 {[%emt 0:00:04]} Be1 {[%emt 0:00:07]} 81. Kf7 {[%emt 0:00:05]} Bh4 {[%emt 0:00:05]} 82. Nb4 {[%emt 0:00:09]} Bf2 {[%emt 0:00:04]} 83. Nd3 {[%emt 0:00:06]} Bh4 {[%emt 0:00:06]} 84. Nc1 {[%emt 0:00:06]} Bf2 {[%emt 0:00:03]} 85. Ne2 {[%emt 0:00:04]} Be1 {[%emt 0:00:03]} 86. Ng1 {[%emt 0:00:02]} Bf2 {[%emt 0:00:05]} 87. Nf3 {[%emt 0:00:03]} Bc5 {[%emt 0:00:02]} 88. Nh4 {[%emt 0:00:08]} Bf2 {[%emt 0:00:03]} 89. Ng6 {[%emt 0:00:02]} Bc5 {[%emt 0:00:09]} 90. Nf8+ {[%emt 0:00:01]} Kc7 {[%emt 0:00:04]} 91. Ke7 {[%emt 0:00:07]} Bb4 {[%emt 0:00:08]} 92. Nd7 {[%emt 0:00:07]} Ba3 {[%emt 0:00:12]} 93. Nf6 {[%emt 0:00:02]} b5 {[%emt 0:00:05]} 94. cxb5 {[%emt 0:00:06]} Kb6 {[%emt 0:00:02]} 95. Ne8 {[%emt 0:00:09]} Bc5 {[%emt 0:00:04]} 96. Nxd6 {[%emt 0:00:08]} Kc7 {[%emt 0:00:05]} 97. Ke6 {[%emt 0:00:03]} Bd4 {[%emt 0:00:08]} 98. Nc4 {[%emt 0:00:02]} 1-0

[Event "European Online Club-ch-H 2021"]
[Site "Online"]
[Date "2021.03.27"]
[Round "9.2"]
[White "Agdelen, Huseyin Can"]
[Black "Olsen, Filip Boe"]
[Result "1-0"]
[WhiteElo "2206"]
[BlackElo "2379"]
[Annotator "NA"]
[PlyCount "49"]
[EventDate "2021.03.27"]
[EventType "team-tourn"]
[EventCountry "NET"]
[SourceTitle "playchess.com"]
[Source "ChessBase"]
[SourceQuality "1"]
[TimeControl "900+5"]

1. e4 {[%emt 0:00:00]} c5 {[%emt 0:00:02]} 2. Nf3 {[%emt 0:00:02]} d6 {[%emt 0:00:02]} 3. d4 {[%emt 0:00:02]} cxd4 {[%emt 0:00:01]} 4. Nxd4 {[%emt 0:00:01]} Nf6 {[%emt 0:00:01]} 5. Nc3 {[%emt 0:00:02]} a6 {[%emt 0:00:02]} 6. Bg5 {[%emt 0:00:01]} Nbd7 {[%emt 0:00:02]} 7. Qe2 {[%emt 0:00:02]} h6 {[%emt 0:00:06]} 8. Bh4 {[%emt 0:00:03]} g6 {[%emt 0:00:42]} 9. f4 {[%emt 0:00:03]} e5 {[%emt 0:00:02]} 10. fxe5 {[%emt 0:00:05]} dxe5 {[%emt 0:00:02]} 11. O-O-O {[%emt 0:00:07]} Qc7 {[%emt 0:00:20]} 12. Nb3 {[%emt 0:00:30]} b5 {[%emt 0:00:54]} 13. Rxd7 {[%emt 0:01:54]} Nxd7 {[%emt 0:00:05]} 14. Nd5 {[%emt 0:00:01]} Qb8 {[%emt 0:02:34]} 15. Na5 {[%emt 0:00:03]} Bd6 {[%emt 0:01:11]} 16. Qd2 {[%emt 0:01:43]} g5 {[%emt 0:01:33]} 17. Bf2 {[%emt 0:01:01]} O-O {[%emt 0:00:49]} 18. h4 {[%emt 0:00:22]} f6 {[%emt 0:00:52]} 19. hxg5 {[%emt 0:00:16]} hxg5 {[%emt 0:00:01]} 20. Qd1 {[%emt 0:01:52]} Nc5 {[%emt 0:02:43]} 21. Qh5 {[%emt 0:00:29]} Qa7 {[%emt 0:00:45]} 22. Qh8+ {[%emt 0:00:15]} Kf7 {[%emt 0:00:03]} 23. Qxf6+ {[%emt 0:00:24]} Ke8 {[%emt 0:00:03]} 24. Qxd6 {[%emt 0:00:02]} Ne6 {[%emt 0:00:07]} 25. Bxa7 {[%emt 0:00:06]} 1-0

[Event "European Online Club-ch-H 2021"]
[Site "Online"]
[Date "2021.03.27"]
[Round "9.3"]
[White "Pajeken, Jakob Leon"]
[Black "Sertbay, Huseyin"]
[Result "1-0"]
[WhiteElo "2323"]
[BlackElo "2101"]
[Annotator "NA"]
[PlyCount "79"]
[EventDate "2021.03.27"]
[EventType "team-tourn"]
[EventCountry "NET"]
[SourceTitle "playchess.com"]
[Source "ChessBase"]
[SourceQuality "1"]
[TimeControl "900+5"]

1. d4 {[%emt 0:00:00]} Nf6 {[%emt 0:00:02]} 2. Nf3 {[%emt 0:00:02]} c5 {[%emt 0:00:02]} 3. d5 {[%emt 0:00:01]} e6 {[%emt 0:00:12]} 4. Nc3 {[%emt 0:00:03]} d6 {[%emt 0:00:09]} 5. e4 {[%emt 0:00:07]} exd5 {[%emt 0:00:03]} 6. exd5 {[%emt 0:00:09]} g6 {[%emt 0:00:01]} 7. Bb5+ {[%emt 0:00:49]} Nbd7 {[%emt 0:00:23]} 8. O-O {[%emt 0:00:18]} Bg7 {[%emt 0:00:15]} 9. Re1+ {[%emt 0:00:23]} Kf8 {[%emt 0:00:02]} 10. Bf4 {[%emt 0:01:16]} Qc7 {[%emt 0:00:25]} 11. Qe2 {[%emt 0:00:28]} Kg8 {[%emt 0:00:36]} 12. Ng5 {[%emt 0:01:35]} Bf8 {[%emt 0:01:54]} 13. Qf3 {[%emt 0:03:01]} a6 {[%emt 0:00:21]} 14. Bxd7 {[%emt 0:00:07]} Qxd7 {[%emt 0:02:44]} 15. Bxd6 {[%emt 0:00:18]} Qf5 {[%emt 0:00:02]} 16. Bxf8 {[%emt 0:00:54]} Kxf8 {[%emt 0:00:07]} 17. Qe3 {[%emt 0:00:32]} Kg7 {[%emt 0:01:16]} 18. Nxf7 {[%emt 0:01:34]} Re8 {[%emt 0:01:13]} 19. Nd6 {[%emt 0:00:09]} Rxe3 {[%emt 0:00:34]} 20. Nxf5+ {[%emt 0:00:03]} Bxf5 {[%emt 0:00:02]} 21. Rxe3 {[%emt 0:00:04]} Kf7 {[%emt 0:00:47]} 22. Rae1 {[%emt 0:00:06]} Re8 {[%emt 0:00:05]} 23. Rxe8 {[%emt 0:00:05]} Nxe8 {[%emt 0:00:02]} 24. Ne4 {[%emt 0:00:03]} b6 {[%emt 0:00:07]} 25. Ng5+ {[%emt 0:00:15]} Kf6 {[%emt 0:00:40]} 26. Nxh7+ {[%emt 0:00:03]} Kg7 {[%emt 0:00:02]} 27. Rxe8 {[%emt 0:00:08]} Kxh7 {[%emt 0:00:01]} 28. d6 {[%emt 0:00:01]} Kg7 {[%emt 0:00:02]} 29. d7 {[%emt 0:00:03]} Bxd7 {[%emt 0:00:05]} 30. Re7+ {[%emt 0:00:02]} Kf6 {[%emt 0:00:01]} 31. Rxd7 {[%emt 0:00:01]} Ke5 {[%emt 0:00:04]} 32. Rb7 {[%emt 0:00:01]} b5 {[%emt 0:00:02]} 33. Rb6 {[%emt 0:00:01]} c4 {[%emt 0:00:02]} 34. Rxa6 {[%emt 0:00:02]} Kd4 {[%emt 0:00:01]} 35. Rd6+ {[%emt 0:00:02]} Kc5 {[%emt 0:00:02]} 36. Rxg6 {[%emt 0:00:01]} b4 {[%emt 0:00:01]} 37. Rg4 {[%emt 0:00:02]} b3 {[%emt 0:00:01]} 38. cxb3 {[%emt 0:00:01]} cxb3 {[%emt 0:00:01]} 39. axb3 {[%emt 0:00:02]} Kd5 {[%emt 0:00:02]} 40. f3 {[%emt 0:00:01]} 1-0

[Event "European Online Club-ch-H 2021"]
[Site "Online"]
[Date "2021.03.27"]
[Round "9.4"]
[White "Atasoy, Ata"]
[Black "Arndt, Magnus"]
[Result "0-1"]
[WhiteElo "1636"]
[BlackElo "2282"]
[Annotator "NA"]
[PlyCount "72"]
[EventDate "2021.03.27"]
[EventType "team-tourn"]
[EventCountry "NET"]
[SourceTitle "playchess.com"]
[Source "ChessBase"]
[SourceQuality "1"]
[TimeControl "900+5"]

1. e4 {[%emt 0:00:00]} e5 {[%emt 0:00:02]} 2. Nf3 {[%emt 0:00:02]} Nc6 {[%emt 0:00:02]} 3. Bb5 {[%emt 0:00:02]} a6 {[%emt 0:00:01]} 4. Ba4 {[%emt 0:00:01]} Nf6 {[%emt 0:00:02]} 5. O-O {[%emt 0:00:02]} Be7 {[%emt 0:00:02]} 6. d3 {[%emt 0:00:02]} b5 {[%emt 0:00:02]} 7. Bb3 {[%emt 0:00:01]} O-O {[%emt 0:00:01]} 8. a4 {[%emt 0:00:02]} b4 {[%emt 0:00:02]} 9. a5 {[%emt 0:00:13]} d6 {[%emt 0:00:07]} 10. Nbd2 {[%emt 0:00:06]} Be6 {[%emt 0:00:08]} 11. Nc4 {[%emt 0:00:02]} Rb8 {[%emt 0:00:15]} 12. Re1 {[%emt 0:00:37]} h6 {[%emt 0:00:06]} 13. Bd2 {[%emt 0:00:03]} Qc8 {[%emt 0:00:28]} 14. h3 {[%emt 0:00:12]} Rd8 {[%emt 0:00:05]} 15. Re2 {[%emt 0:00:59]} Bf8 {[%emt 0:01:53]} 16. Qe1 {[%emt 0:00:13]} Qb7 {[%emt 0:00:50]} 17. Kh1 {[%emt 0:01:07]} Nd7 {[%emt 0:00:32]} 18. Ba4 {[%emt 0:00:40]} Nc5 {[%emt 0:04:35]} 19. Bxc6 {[%emt 0:00:30]} Qxc6 {[%emt 0:00:00]} 20. Bxb4 {[%emt 0:01:22]} Bxc4 {[%emt 0:00:35]} 21. dxc4 {[%emt 0:00:29]} Nxe4 {[%emt 0:00:50]} 22. Rxe4 {[%emt 0:02:04]} Rxb4 {[%emt 0:00:04]} 23. Qxb4 {[%emt 0:00:03]} Qxe4 {[%emt 0:00:03]} 24. Qc3 {[%emt 0:00:05]} Rb8 {[%emt 0:00:24]} 25. Re1 {[%emt 0:00:29]} Qc6 {[%emt 0:00:14]} 26. b3 {[%emt 0:00:18]} Qc5 {[%emt 0:00:20]} 27. Qd2 {[%emt 0:01:08]} g6 {[%emt 0:00:20]} 28. Nh4 {[%emt 0:00:15]} Bg7 {[%emt 0:00:30]} 29. g3 {[%emt 0:00:46]} Kh7 {[%emt 0:00:09]} 30. Ng2 {[%emt 0:00:03]} f5 {[%emt 0:01:04]} 31. Ne3 {[%emt 0:00:27]} e4 {[%emt 0:01:12]} 32. Nd5 {[%emt 0:00:20]} Bd4 {[%emt 0:00:14]} 33. Re2 {[%emt 0:01:27]} Be5 {[%emt 0:00:17]} 34. b4 {[%emt 0:00:23]} Qxc4 {[%emt 0:00:15]} 35. g4 {[%emt 0:00:11]} c6 {[%emt 0:00:35]} 36. Ne7 {[%emt 0:00:15]} Re8 {[%emt 0:00:41]} 0-1

[Event "European Online Club-ch-H 2021"]
[Site "Online"]
[Date "2021.03.27"]
[Round "9.5"]
[White "Vasli, Aref"]
[Black "Mihok, Oliver"]
[Result "1-0"]
[WhiteElo "2384"]
[BlackElo "2540"]
[Annotator "ChessBase"]
[PlyCount "99"]
[EventDate "2021.03.27"]
[EventType "team-tourn"]
[EventCountry "NET"]
[SourceTitle "playchess.com"]
[Source "ChessBase"]
[SourceQuality "1"]
[TimeControl "900+5"]

1. e4 {[%emt 0:00:00]} c5 {[%emt 0:00:03]} 2. Nf3 {[%emt 0:00:02]} e6 {[%emt 0:00:05]} 3. d4 {[%emt 0:00:02]} cxd4 {[%emt 0:00:02]} 4. Nxd4 {[%emt 0:00:00]} Nc6 {[%emt 0:00:02]} 5. Nc3 {[%emt 0:00:02]} Qc7 {[%emt 0:00:01]} 6. g3 {[%emt 0:00:01]} a6 {[%emt 0:00:01]} 7. Bg2 {[%emt 0:00:02]} Nf6 {[%emt 0:00:02]} 8. O-O {[%emt 0:00:01]} Nxd4 {[%emt 0:00:01]} 9. Qxd4 {[%emt 0:00:02]} Bc5 {[%emt 0:00:01]} 10. Bf4 {[%emt 0:00:01]} d6 {[%emt 0:00:01]} 11. Qd3 {[%emt 0:00:15]} Ng4 {[%emt 0:00:03]} 12. Na4 {[%emt 0:00:20]} e5 {[%emt 0:00:03]} 13. Bd2 {[%emt 0:00:15]} Bd4 {[%emt 0:00:03]} 14. h3 {[%emt 0:00:35]} Nf6 {[%emt 0:00:10]} 15. c3 {[%emt 0:00:03]} Ba7 {[%emt 0:00:39]} 16. c4 {[%emt 0:00:02]} O-O {[%emt 0:00:49]} 17. Bg5 {[%emt 0:00:17]} Be6 {[%emt 0:00:47]} 18. Rac1 {[%emt 0:00:10]} Rfc8 {[%emt 0:00:34]} 19. b3 {[%emt 0:00:12]} Nd7 {[%emt 0:00:24]} 20. Rfd1 {[%emt 0:00:06]} Bd4 {[%emt 0:00:18]} 21. Nc3 {[%emt 0:00:21]} Qc5 {[%emt 0:01:49]} 22. Qe2 {[%emt 0:00:20]} b5 {[%emt 0:01:13]} 23. Nd5 {[%emt 0:00:04]} Bxd5 {[%emt 0:00:10]} 24. cxd5 {[%emt 0:00:04]} Qb6 {[%emt 0:00:22]} 25. h4 {[%emt 0:00:06]} h6 {[%emt 0:02:29]} 26. Bxh6 {[%emt 0:00:16]} Bxf2+ {[%emt 0:00:30]} 27. Kh2 {[%emt 0:00:02]} Nf6 {[%emt 0:00:29]} 28. Bg5 {[%emt 0:00:07]} Nh7 {[%emt 0:00:16]} 29. Bd2 {[%emt 0:00:06]} b4 {[%emt 0:00:43]} 30. Bh3 {[%emt 0:00:13]} Rxc1 {[%emt 0:00:04]} 31. Rxc1 {[%emt 0:00:02]} Bc5 {[%emt 0:00:10]} 32. g4 {[%emt 0:00:09]} a5 {[%emt 0:00:23]} 33. g5 {[%emt 0:00:13]} Nf8 {[%emt 0:00:40]} 34. h5 {[%emt 0:00:11]} Qd8 {[%emt 0:00:13]} 35. Qf3 {[%emt 0:01:19]} a4 {[%emt 0:00:02]} 36. Rf1 {[%emt 0:00:08]} Qe7 {[%emt 0:00:50]} 37. Kh1 {[%emt 0:00:13]} axb3 {[%emt 0:00:08]} 38. axb3 {[%emt 0:00:01]} Ra2 {[%emt 0:00:02]} 39. Bc1 {[%emt 0:00:13]} Rc2 {[%emt 0:00:09]} 40. g6 {[%emt 0:00:27]} f6 {[%emt 0:00:22]} 41. Bf5 {[%emt 0:00:14]} Qc7 {[%emt 0:00:35]} 42. h6 {[%emt 0:00:21]} Bd4 {[%emt 0:00:07]} 43. Be6+ {[%emt 0:02:40]} Nxe6 {[%emt 0:00:17]} 44. dxe6 {[%emt 0:00:01]} Rxc1 {[%emt 0:00:16]} 45. e7 {[%emt 0:00:02]} Qc8 {[%emt 0:01:10]} 46. Qf5 {[%emt 0:07:01]} Rxf1+ {[%emt 0:00:11]} 47. Qxf1 {[%emt 0:00:03]} gxh6 {[%emt 0:00:24]} 48. Qc4+ {[%emt 0:00:02]} Qxc4 {[%emt 0:00:36]} 49. e8=Q+ {[%emt 0:00:03]} Kg7 {[%emt 0:00:02]} 50. bxc4 {[%emt 0:00:01]} 1-0

[Event "European Online Club-ch-H 2021"]
[Site "Online"]
[Date "2021.03.27"]
[Round "9.6"]
[White "Glek, Igor"]
[Black "Bromann, Thorbjorn"]
[Result "1-0"]
[WhiteElo "2475"]
[BlackElo "2392"]
[Annotator "ChessBase"]
[PlyCount "47"]
[EventDate "2021.03.27"]
[EventType "team-tourn"]
[EventCountry "NET"]
[SourceTitle "playchess.com"]
[Source "ChessBase"]
[SourceQuality "1"]
[TimeControl "900+5"]

1. e4 {[%emt 0:00:00]} g6 {[%emt 0:00:04]} 2. d4 {[%emt 0:00:03]} Bg7 {[%emt 0:00:01]} 3. Nc3 {[%emt 0:00:01]} d6 {[%emt 0:00:02]} 4. f4 {[%emt 0:00:01]} a6 {[%emt 0:00:01]} 5. Nf3 {[%emt 0:00:17]} b5 {[%emt 0:00:02]} 6. a4 {[%emt 0:00:22]} b4 {[%emt 0:00:07]} 7. Nd5 {[%emt 0:00:02]} Bb7 {[%emt 0:00:26]} 8. Bd3 {[%emt 0:00:15]} c5 {[%emt 0:00:13]} 9. dxc5 {[%emt 0:00:30]} dxc5 {[%emt 0:00:07]} 10. Ne3 {[%emt 0:00:07]} Nd7 {[%emt 0:00:27]} 11. a5 {[%emt 0:00:11]} Qc7 {[%emt 0:00:32]} 12. Nc4 {[%emt 0:00:03]} Ngf6 {[%emt 0:00:29]} 13. Qe2 {[%emt 0:00:03]} O-O {[%emt 0:00:30]} 14. O-O {[%emt 0:00:03]} Bc6 {[%emt 0:01:03]} 15. e5 {[%emt 0:00:44]} Nd5 {[%emt 0:01:01]} 16. f5 {[%emt 0:00:27]} e6 {[%emt 0:02:45]} 17. f6 {[%emt 0:00:12]} Bh8 {[%emt 0:00:05]} 18. Bh6 {[%emt 0:00:03]} Rfd8 {[%emt 0:00:09]} 19. Rae1 {[%emt 0:00:17]} Bb5 {[%emt 0:00:21]} 20. Qf2 {[%emt 0:00:10]} Bxc4 {[%emt 0:01:20]} 21. Bxc4 {[%emt 0:00:03]} N7xf6 {[%emt 0:00:03]} 22. exf6 {[%emt 0:00:09]} Nxf6 {[%emt 0:00:03]} 23. Qh4 {[%emt 0:00:48]} Rd7 {[%emt 0:01:14]} 24. Rxe6 {[%emt 0:00:17]} 1-0

[Event "European Online Club-ch-H 2021"]
[Site "Online"]
[Date "2021.03.27"]
[Round "9.7"]
[White "Aabling-Thomsen, Jakob"]
[Black "Harff, Marcel"]
[Result "1/2-1/2"]
[WhiteElo "2348"]
[BlackElo "2360"]
[Annotator "NA"]
[PlyCount "117"]
[EventDate "2021.03.27"]
[EventType "team-tourn"]
[EventCountry "NET"]
[SourceTitle "playchess.com"]
[Source "ChessBase"]
[SourceQuality "1"]
[TimeControl "900+5"]

1. e4 {[%emt 0:00:00]} e6 {[%emt 0:00:03]} 2. Qe2 {[%emt 0:00:03]} c5 {[%emt 0:00:03]} 3. Nf3 {[%emt 0:00:03]} Nc6 {[%emt 0:00:02]} 4. g3 {[%emt 0:00:01]} Nf6 {[%emt 0:00:04]} 5. Bg2 {[%emt 0:00:04]} Be7 {[%emt 0:00:02]} 6. O-O {[%emt 0:00:03]} d5 {[%emt 0:00:06]} 7. d3 {[%emt 0:00:04]} b5 {[%emt 0:00:30]} 8. e5 {[%emt 0:01:02]} Nd7 {[%emt 0:00:03]} 9. h4 {[%emt 0:00:01]} a5 {[%emt 0:00:04]} 10. h5 {[%emt 0:00:12]} h6 {[%emt 0:00:03]} 11. Bf4 {[%emt 0:00:03]} g5 {[%emt 0:00:09]} 12. hxg6 {[%emt 0:00:07]} fxg6 {[%emt 0:00:02]} 13. c4 {[%emt 0:00:26]} bxc4 {[%emt 0:00:05]} 14. dxc4 {[%emt 0:00:02]} Ba6 {[%emt 0:00:02]} 15. Na3 {[%emt 0:00:36]} g5 {[%emt 0:00:18]} 16. Bc1 {[%emt 0:00:06]} Qb6 {[%emt 0:00:10]} 17. Qc2 {[%emt 0:00:13]} O-O-O {[%emt 0:00:23]} 18. cxd5 {[%emt 0:00:10]} Nb4 {[%emt 0:00:06]} 19. Qd1 {[%emt 0:01:07]} g4 {[%emt 0:00:36]} 20. Nh2 {[%emt 0:00:54]} Nxe5 {[%emt 0:00:04]} 21. Re1 {[%emt 0:00:13]} Nbd3 {[%emt 0:00:14]} 22. Re3 {[%emt 0:00:15]} Bg5 {[%emt 0:00:05]} 23. Nxg4 {[%emt 0:00:10]} Bxe3 {[%emt 0:00:28]} 24. Nxe3 {[%emt 0:00:44]} c4 {[%emt 0:01:07]} 25. b3 {[%emt 0:00:27]} Rhf8 {[%emt 0:00:32]} 26. Naxc4 {[%emt 0:01:12]} Bxc4 {[%emt 0:00:11]} 27. bxc4 {[%emt 0:00:07]} Nxf2 {[%emt 0:00:17]} 28. Qb3 {[%emt 0:00:29]} Qxb3 {[%emt 0:01:02]} 29. axb3 {[%emt 0:00:00]} exd5 {[%emt 0:00:11]} 30. Nxd5 {[%emt 0:00:18]} Nfg4 {[%emt 0:00:20]} 31. Bf4 {[%emt 0:00:24]} Kd7 {[%emt 0:01:03]} 32. Rxa5 {[%emt 0:00:11]} Ke6 {[%emt 0:00:13]} 33. Ra6+ {[%emt 0:02:28]} Kf7 {[%emt 0:00:10]} 34. Ra7+ {[%emt 0:00:04]} Rd7 {[%emt 0:00:11]} 35. Ra6 {[%emt 0:00:14]} Rb8 {[%emt 0:00:20]} 36. Bxe5 {[%emt 0:00:23]} Nxe5 {[%emt 0:00:05]} 37. Rxh6 {[%emt 0:00:05]} Rxb3 {[%emt 0:00:05]} 38. Bh3 {[%emt 0:00:18]} Rdb7 {[%emt 0:00:21]} 39. Rh7+ {[%emt 0:00:18]} Kg6 {[%emt 0:00:05]} 40. Rxb7 {[%emt 0:00:00]} Rxb7 {[%emt 0:00:05]} 41. c5 {[%emt 0:00:02]} Rb1+ {[%emt 0:00:10]} 42. Kf2 {[%emt 0:00:26]} Nd3+ {[%emt 0:00:03]} 43. Ke3 {[%emt 0:00:03]} Nxc5 {[%emt 0:00:03]} 44. Kd4 {[%emt 0:00:05]} Nb3+ {[%emt 0:00:14]} 45. Ke5 {[%emt 0:00:11]} Re1+ {[%emt 0:00:09]} 46. Kf4 {[%emt 0:00:02]} Nd4 {[%emt 0:00:04]} 47. Bd7 {[%emt 0:00:12]} Rf1+ {[%emt 0:00:09]} 48. Kg4 {[%emt 0:00:03]} Kf7 {[%emt 0:00:18]} 49. Nf4 {[%emt 0:00:12]} Nc2 {[%emt 0:00:37]} 50. Kg5 {[%emt 0:00:15]} Ke7 {[%emt 0:00:18]} 51. Bb5 {[%emt 0:00:38]} Rg1 {[%emt 0:00:05]} 52. g4 {[%emt 0:00:16]} Nd4 {[%emt 0:00:05]} 53. Bd3 {[%emt 0:00:13]} Rg3 {[%emt 0:00:25]} 54. Ng6+ {[%emt 0:00:14]} Kd6 {[%emt 0:00:09]} 55. Bf5 {[%emt 0:00:09]} Nf3+ {[%emt 0:00:11]} 56. Kf6 {[%emt 0:00:09]} Nh2 {[%emt 0:00:05]} 57. Ne5 {[%emt 0:00:05]} Nxg4+ {[%emt 0:00:07]} 58. Nxg4 {[%emt 0:00:04]} Rxg4 {[%emt 0:00:01]} 59. Bxg4 {[%emt 0:00:02]} 1/2-1/2